000 01086nam a2200265Ia 4500
008 130821s2008 ck gr spa
020 _a9789588378305
040 _aCo-BoUCM
_bspa
041 0 0 _aspa
100 1 _aPosada García-Peña, Mario
245 1 0 _aImpuesto de industria y comercio, avisos y tableros en Colombia
_cMario Posada García-Peña
260 _aBogotá (Colombia)
_bEditorial Universidad del Rosario
_c2008
300 _a227 páginas
490 _aColección Textos de Jurisprudencia.
_bSerie Maestría
504 _aIncluye bibliografía.
650 0 4 _aDerecho comercial
_912717
650 0 4 _aDerecho comercial
_zColombia
_912717
650 0 4 _aDerecho tributario
_zColombia
_912836
650 0 4 _aImpuestos
_xAspectos económicos
_zColombia
_917233
650 0 4 _aImpuestos
_xLegislación
_zColombia
_917233
650 0 4 _aPublicidad
_xLegislación
_zColombia
_922914
710 1 _aUniversidad Colegio Mayor de Nuestra Señora del Rosario.
_bFacultad de Jurisprudencia
942 _cLIBROUR
_2DEWEY
_a8
_e1
_h343.04861
_mP855i
999 _c59399
_d59399